| 000 | 00746nam a2200253 a 4500 | ||
|---|---|---|---|
| 008 | |||
| 020 | _a0073655988 (hbk.) | ||
| 049 | _aMAIN | ||
| 090 |
_aT353 _bTEC |
||
| 245 | 1 | 0 |
_aTechnical graphics communications / _cGary R. Bertoline... [et al.] |
| 250 | _a3rd ed. | ||
| 260 |
_aBoston : _bMcGraw-Hill, _c2003. |
||
| 300 |
_axxxix, 1227 [142] p. ; _bill. ; _c26 cm. |
||
| 440 | _aMcgraw hill higher education. | ||
| 500 | _aIncludes Index. | ||
| 504 | _aIncludes bibliographical references. | ||
| 650 | 1 | _aTechical graphics. | |
| 700 | _aBertoline, Gary R. | ||
| 907 |
_a.b10295227 _b23-11-11 _c29-04-11 |
||
| 003 | |||
| 005 | 20230123125300.0 | ||
| 040 | _cNUST | ||
| 942 |
_cBOOKS _kT353 _mTEC |
||
| 999 |
_c138839 _d138839 |
||